Statistics for Covid-19 Cases This Week - 30 April 2021

Click here to take the quiz!

General Stats

  • This quiz has been taken 7 times
  • The average score is 12 of 26

Answer Stats

country% Correct
India
100%
United States
100%
Germany
83%
Russia
83%
Brazil
67%
France
67%
Italy
67%
Argentina
50%
Canada
50%
Iran
50%
Netherlands
50%
Spain
50%
Sweden
50%
Ukraine
50%
Uruguay
50%
Bahrain
33%
Colombia
33%
Croatia
33%
Lithuania
33%
Philippines
33%
Turkey
33%
Kuwait
17%
Latvia
17%
Costa Rica
0%
Cyprus
0%
Mongolia
0%

Score Distribution

Percentile by Number Answered

Percent of People with Each Score

Your Score History

You have not taken this quiz